000 00414nam a2200181Ia 4500
001 893
005 20260306140551.0
008 260306t2001||||xx |||||||||||||| ||spa||
041 _aESP
082 _a170
_bP21
100 _aPalomino Ramírez, Teodosio A.
_eAUT
245 0 _aLa doble moral
260 _c2001
300 _a175 páginas :
_c20 cm.
650 _aGEN
654 _aCHU
942 _cLIB
_dJUS
_fJUS
_2ddc
_n
999 _c893
_d893